Arsenal- Najdroższe transfery w historii - Statystyki

Ogólne statystyki
  • Ten quiz został rozwiązany 115 razy
  • Średni wynik to 14 z 17
Statystyki odpowiedzi
Zawodnik Narodowość Sezon Klub poprzedni Liga Kwota % Poprawnych
Declan Rice Anglia/Irlandia 2023/2024 West Ham Utd. Premier League 116.60mln
97%
Kai Havertz Niemcy 2023/2024 Chelsea FC Premier League 75.00mln
94%
Gabriel Jesus Brazylia 2022/2023 Manchester City Premier League 52.20mln
92%
Thomas Partey Ghana 2020/2021 Atletico Madryt LaLiga 50.00mln
92%
Alexis Sanchez Chile 2014/2015 Barcelona LaLiga 42.50mln
88%
Mesut Ozil Niemcy 2013/2014 Real Madryt LaLiga 47.00mln
87%
Oleksandr Zinchenko Ukraina 2022/2023 Manchester City Premier League 35.00mln
87%
Pierre-Emerick Aubameyang Gabon/Francja 2017/2018 Borussia Dortmund Bundesliga 63.75mln
86%
Riccardo Calafiori Włochy 2024/2025 FC Bologna Seria A 45.00mln
86%
Granit Xhaka Szwajcaria 2016/2017 Borussia M'Gladbach Bundesliga 45.00mln
82%
Nicolas Pepe WBS/Francja 2019/2020 LOSC Lille Ligue 1 80.00mln
80%
Martin Odegaard Norwegia 2021/2022 Real Madryt LaLiga 35.00mln
78%
Alexandre Lacazette Francja/Gwadelupa 2017/2018 Olympique Lyon Ligue 1 53.00mln
77%
Jurrien Timber Holandia/Curacao 2023/2024 Ajax Amsterdam Eredevisie 40.00mln
74%
Ben White Anglia 2021/2022 Brighton Premier League 58.50mln
72%
Shkodran Mustafi Niemcy/Albania 2016/2017 Valencia CF LaLiga 41.00mln
65%
Fabio Vieira Portugalia 2022/2023 FC Porto Liga Portugal 35.00mln
60%
Nie znaleziono quizów pasujących do podanych kryteriów
Rozkład punktacji
Procent ludzi z każdym wynikiem
Percentyl według liczby udzielonych odpowiedzi
Twoja historia wyników
Nie rozwiązałeś tego quizu